The Simpsons - Special Guests by Picture #4 - Statistics

General Stats
  • This quiz has been taken 127 times
  • The average score is 6 of 16
Answer Stats
Picture Answer % Correct
Serena Williams
99%
Paul McCartney
84%
Richard Gere
67%
Britney Spears
62%
Larry King
52%
Flea
46%
John Madden
33%
Tom Petty
33%
Billy Corgan
23%
Roger Daltrey
19%
Michael Buffer
18%
Oscar De La Hoya
18%
Joe Namath
15%
Jennifer Garner
13%
Roger Clemens
13%
Suzanne Somers
6%
No matching quizzes found
Score Distribution
Percent of People with Each Score
Percentile by Number Answered
Your Score History
You have not taken this quiz